Faithfulness: (Record no. 12592)

000 -LEADER
fixed length control field 00656nam a2200193 a 4500
001 - CONTROL NUMBER
control field :::00010400$&:&@@
003 - CONTROL NUMBER IDENTIFIER
control field OkBaRHE
005 - DATE AND TIME OF LATEST TRANSACTION
control field 20010405103552.0
008 - FIXED-LENGTH DATA ELEMENTS--GENERAL INFORMATION
fixed length control field s1981 j 000 0 eng u
040 ## - CATALOGING SOURCE
Transcribing agency
100 1# - MAIN ENTRY--PERSONAL NAME
Personal name Dufresne, Ed.
245 10 - TITLE STATEMENT
Title Faithfulness:
Remainder of title God's conditions for blessing and promotion.
260 ## - PUBLICATION, DISTRIBUTION, ETC. (IMPRINT)
Place of publication, distribution, etc Tulsa, OK., :
Name of publisher, distributor, etc Harrison House
Date of publication, distribution, etc c1981
300 ## - PHYSICAL DESCRIPTION
Extent 57 p. ;
Dimensions 17 cm.
650 ## - SUBJECT ADDED ENTRY--TOPICAL TERM
Topical term or geographic name as entry element Christian Life
942 ## - ADDED ENTRY ELEMENTS (KOHA)
Source of classification or shelving scheme
Koha item type Books
Copies
Full call number Withdrawn status Koha item type Not for loan Lost status Permanent Location Source of classification or shelving scheme Damaged status Copy number Barcode Shelving location Date last seen Date acquired Price effective from
BV 4501 .D9 Books  RHEMA Bible Training College  110400General Stacks2010-04-142010-04-142010-04-14
BV 4501 .D9 Books  RHEMA Bible Training College  219407General Stacks2010-04-142010-04-142010-04-14